01058nam a2200241Ia 4500001000600000003000900006008004100015040001300056040001300069041001300082100002700095100002900122245002800151245002800179250001100207260001100218260001200229260004900241300004100290500042600331650002800757650003100785 6347IT-RoPAU130308s9999 xx 000 0 und d aIT-RoPAU cIT-RoPAU aITALIANO aBragaglia Anton Giulio gCodice Aut. SPICS: 8870 aFotodinamismo futurista bFotodinamismo Futurista a3a ed. aTORINO bEinaudi c1970 [1° Ed.:1911 - Ed.Ling.Originale:1911] a"230 p. (prefazione: 6; testo: 224)" aPrecursori del Movimentismo mezzi di Espressione Cinematografia e cronofotografia Fotodinamica Pittura e scultura Movimentiste Trascendentalismo del Movimento Realtà Statica Vertigine Come Effetto Tempo Quarta Dimensione ritratto nudo Fotodinamica Quale Arte Tecnica Fotodinamista Statica Esempi di Fotodinamiche foto di Cinema d'avanguardia Saggi Sul Fotodinamismo di Autori Diversi Introduzione di Giulio Carlo Argan aSTORIA DELLA FOTOGRAFIA eCodice materia Spics: 6758